00000000nam 2200000za 4500
0019.855835
003CaOODSP
00520221107155409
007cr |||||||||||
008180426s1985    onc    #os|||f|0| 0|fre d
020 |z0-660-52869-X
040 |aCaOODSP|bfre
041 |afre|aeng
043 |an-cn---
0861 |aCS65-503/1985-PDF
24500|aCanadian international trading patterns |h[ressource électronique] = |bProfil du commerce international canadien.
24611|aProfil du commerce international canadien
260 |aOttawa : |bStatistique Canada, Division du commerce international, |c1985.
300 |aii, 76 p. : |bgraphiques.
500 |aÉdition numérisée de l'imprimé [par Statistique Canada].
504 |aComprend des références bibliographiques.
520 |a« Le but de cette publication est de se renseigner rapidement et précisément sur la position du Canada dans le commerce international au moyen de graphiques »--Avant-propos.
546 |aTexte en français et en anglais.
69207|2gccst|aCommerce extérieur
7101 |aCanada.|bStatistique Canada.|bDivision du commerce international.
791 |tCanadian international trading patterns |eeng|w(CaOODSP)9.855827
85640|qPDF|s15.24 Mo|uhttps://publications.gc.ca/collections/collection_2018/statcan/CS65-503-1985.pdf
986 |a65-503